| 000 | 00642cam a2200217 a 4500 | ||
|---|---|---|---|
| 001 | 13930813 | ||
| 005 | 20180223070638.0 | ||
| 008 | 050415s2007 maua 001 0 eng | ||
| 010 | _a 2005047688 | ||
| 020 | _a0321356950 | ||
| 040 |
_aDLC _cDLC _dDLC |
||
| 041 | _aeng | ||
| 080 | _a512.13 LIA | ||
| 082 | 0 | 0 |
_a512.13 LIA _222 |
| 100 | 1 | _a36 | |
| 101 | _aMAT | ||
| 245 | 1 | 2 | _aA graphical approach to college algebra and trigonometry. |
| 906 |
_a7 _bcbc _corignew _d1 _eocip _f20 _gy-gencatlg |
||
| 942 |
_2ddc _cBK |
||
| 999 |
_c43236 _d43236 |
||